History Quiz

Random History or Clickable Quiz

Cars Available in 1920 Quiz Stats

 Plays Quiz Updated Sep 12, 2015

Also try: Car Logos
Challenge
Share
Tweet
Embed
Score 0/48 Timer 08:00
1 Play Today
% Correct
Ford
93%
Chevrolet
85.7%
Cadillac
85.3%
Rolls-Royce
83.2%
Benz
82.8%
Bentley
82.6%
Buick
82%
Oldsmobile
80.5%
Dodge
80.1%
Lincoln
78%
Studebaker
77.9%
Mercedes
77.4%
Hudson
77.3%
Aston Martin
77.3%
Alfa Romeo
76.1%
Packard
75.4%
Daimler
74.5%
Austin
72.3%
Renault
71.9%
BMW
70.7%
Peugeot
70.2%
Hillman
70.2%
Franklin
69.1%
Standard
68.6%
% Correct
Fiat
67.3%
Haynes
66.4%
Nash
66.3%
Bugatti
65.7%
Grant
65.7%
Lexington
64.6%
Vauxhall
63.8%
Maxwell
63.7%
Essex
63.6%
Winton
63.4%
Bell
62.5%
Jackson
61.7%
Oakland
59.2%
Willys
58%
Peerless
57.7%
Opel
56.7%
Saxon
56.4%
Lancia
56.1%
GMC
55.7%
Jordan
54.8%
Isotta
51%
Audi
50.8%
Pilot
47.1%
Maserati
46.4%

You're not logged in!

Compare scores with friends on all Sporcle quizzes.
OR
Log In

You Might Also Like...

Show Comments

Extras

Top Quizzes Today


Score Distribution

Your Account Isn't Verified!

In order to create a playlist on Sporcle, you need to verify the email address you used during registration. Go to your Sporcle Settings to finish the process.

Report this User

Report this user for behavior that violates our Community Guidelines.

Details: